[Event "Ruhrgebiet VK3 0910"]
[Site "Ruhrgebiet"]
[Date "2009.12.06"]
[Round "4.5"]
[White "Ahling, Michael"]
[Black "Gritzan, Ulrich"]
[Result "1-0"]
[WhiteElo "1792"]
[BlackElo "1804"]
[PlyCount "81"]
[EventDate "2009.09.06"]
[EventType "team"]
[EventRounds "9"]
[EventCountry "GER"]
[SourceTitle "EXT 2011"]
[Source "ChessBase"]
[SourceDate "2010.11.26"]
[SourceVersion "1"]
[SourceVersionDate "2010.11.26"]
[SourceQuality "1"]
[WhiteTeam "Marten Boevinghausen"]
[BlackTeam "Gelsenkirchen"]
[WhiteTeamCountry "GER"]
[BlackTeamCountry "GER"]

1. d4 Nf6 2. c4 g6 3. Nc3 d5 4. cxd5 Nxd5 5. e4 Nxc3 6. bxc3 Bg7 7. Bc4 c5 8. Ne2 0-0 9. 0-0 cxd4 10. cxd4 Nc6 11. Be3 Bg4 12. f3 Na5 13. Bd3 Be6 14. Qa4 Rc8 15. Rac1 Bd7 16. Qb4 Nc6 17. Qxb7 Rb8 18. Qa6 Nb4 19. Qa3 Nxd3 20. Qxd3 Bb5 21. Qd2 Bxe2 22. Qxe2 Bxd4 23. Rfd1 Rb2 24. Qxb2 Bxe3+ 25. Kf1 Bxc1 26. Qxc1 Qb8 27. Qe3 Rc8 28. h3 e6 29. Rd2 Qb4 30. a3 Qa5 31. Rb2 Rd8 32. g4 Rd1+ 33. Kg2 Qe5 34. Rc2 a5 35. Qc5 Qa1 36. Qxa5 Rg1+ 37. Kh2 Rh1+ 38. Kg3 Rg1+ 39. Kf4 Qf6+ 40. Ke3 Re1+ 41. Qxe1 1-0